A humán kontrolling és eszközeinek alkalmazása a Polett Kereskedőház Kft. példáján keresztül

Bibliográfiai részletek
Szerző: Zengő Dóra
További közreműködők: Ilyés Dr. Csaba
Dokumentumtípus: Diplomadolgozat
Kulcsszavak:Emberi erőforrás
Kisvállalkozás
HR kontrolling
Online Access:http://dolgozattar.uni-bge.hu/9073

MARC

LEADER 00000nta a2200000 i 4500
001 dolg9073
005 20161216110113.0
008 161216suuuu hu om 000 hun d
040 |a BGE Dolgozattár Repozitórium  |b hun 
041 |a hu 
100 1 |a Zengő Dóra 
245 1 2 |a A humán kontrolling és eszközeinek alkalmazása a Polett Kereskedőház Kft. példáján keresztül  |c Zengő Dóra  |h [elektronikus dokumentum] 
695 |a Emberi erőforrás 
695 |a Kisvállalkozás 
695 |a HR kontrolling 
700 1 |a Ilyés Dr. Csaba  |e ths 
856 4 0 |u http://dolgozattar.uni-bge.hu/9073/1/Zeng%C5%91%20D%C3%B3ra%20Szakdolgozat.pdf  |z Dokumentum-elérés